Normal view MARC view
  • Drugs

Entry Topical Term

Number of records used in: 6

001 - CONTROL NUMBER

  • control field: 36089

003 - CONTROL NUMBER IDENTIFIER

  • control field: OSt

005 - DATE AND TIME OF LATEST TRANSACTION

  • control field: 20140921121746.0

008 - FIXED-LENGTH DATA ELEMENTS

  • fixed length control field: 140921|| aca||babn | a|a d

040 ## - CATALOGING SOURCE

  • Original cataloging agency: OSt

150 ## - HEADING--TOPICAL TERM

  • Topical term or geographic name as entry element: Drugs
  • General subdivision: Dosage forms

450 ## - SEE FROM TRACING--TOPICAL TERM

  • Topical term or geographic name entry element: Compounding, Drug

450 ## - SEE FROM TRACING--TOPICAL TERM

  • Topical term or geographic name entry element: Dosage forms of drugs

450 ## - SEE FROM TRACING--TOPICAL TERM

  • Topical term or geographic name entry element: Drug compounding

450 ## - SEE FROM TRACING--TOPICAL TERM

  • Topical term or geographic name entry element: Pharmaceutical compounding

450 ## - SEE FROM TRACING--TOPICAL TERM

  • Topical term or geographic name entry element: Pharmaceutical dosage forms

550 ## - SEE ALSO FROM TRACING--TOPICAL TERM

  • Topical term or geographic name entry element: Drug delivery systems